LDR 00539nam a2200169 i 4500 001 000000217374 003 CaOOAMICUS 005 20241118144040.0 008 121204n it u000 u ita u 040 $aSeMil$bita 245 10$aVol. 2. 300 $aX, P. 783-1575 ;$c25 cm 773 0 $tComunicazioni.$dMilano : Giuffrè, 1972.$g2$w()20934 850 $aSeMil 852 $aSeMil$W1$xVenegono$y1$m2J IV 184$j167788$B167788$CSeMilBibl$Z2$F178560 $81 996 $6245$aVol. 2$9(OLS)http://semarc/title/13458